000 01307nas a2200229 454500
001 13556
005 20260407193505.0
008 260407s2013####ag###########|||spa#d
003 AR-UNSa-BCEJYS
040 _aAR-UNSa-BCEJYS
_bspa
_cAR-UNSa-BCEJYS
080 _a349.2
_xDerecho del Trabajo
245 1 0 _aRevista de Derecho laboral y seguridad social
264 1 _aBuenos Aires :
_bAbeledo Perrot
_c2013
310 _aFrecuencia: Quincenal
505 _al cuenta con toda la información necesaria para los profesionales dedicados a dicha especialidad, incluyendo el aspecto previsional, sueldos y remuneraciones, enfermedades y accidentes laborales, licencias y vacaciones, suspensión y extinción del contrato de trabajo, derecho colectivo de trabajo, policía de trabajo, contingencias, riesgos del trabajo, seguro de desempleo, asignaciones familiares, obras sociales, derecho procesal del trabajo, sistema nacional de salud, programas de trabajo, Fondo Nacional de Empleo, y prestaciones no contributivas.
942 _cSER
590 _aniveau_biblio:s niveau_hierar:1
100 1 _aGrisolia, Julio Armando
650 _aSeguridad social
650 _aDerecho laboral
856 4 1 _uhttps://biblioeco.unsa.edu.ar/pmb/images/revistas/Derecho Laboral y Seguridad Social.jpg
_yImagen de portada
_qimage/jpeg
999 _c8463
_d8463